书目信息 |
| 题名: |
三线阵CCD影像卫星摄影测量原理
|
|
| 作者: | 王任享, 著 | |
| 分册: | ||
| 出版信息: | 北京 测绘出版社 2016.05 |
|
| 页数: | 207页 | |
| 开本: | 24cm | |
| 丛书名: | 测绘院士专著 | |
| 单 册: | ||
| 中图分类: | P236 | |
| 科图分类: | ||
| 主题词: | 卫星测量法--wei xing ce liang fa--摄影测量法 | |
| 电子资源: | ||
| ISBN: | 978-7-5030-3932-4 | |
| 000 | 01316nam 2200301 450 | |
| 001 | 96480 | |
| 005 | 20250912192842.12 | |
| 010 | @a978-7-5030-3932-4@dCNY68.00 | |
| 100 | @a20160803d2016 em y0chiy50 ea | |
| 101 | 0 | @achi@eeng |
| 102 | @aCN@b110000 | |
| 105 | @aak a 000yy | |
| 106 | @ar | |
| 200 | 1 | @a三线阵CCD影像卫星摄影测量原理@Asan xian zhen CCD ying xiang wei xing she ying ce liang yuan li@d= Satellite photogrammetric principle for three-line-array CCD imagery@f王任享著@zeng |
| 205 | @a第2版 | |
| 210 | @a北京@c测绘出版社@d2016.05 | |
| 215 | @a207页@c图 (部分彩图)@d24cm | |
| 225 | 2 | @a测绘院士专著@Ace hui yuan shi zhuan zhu |
| 314 | @a王任享, 1933年10月出生于福建长乐, 1958年毕业于军委测绘学院。 | |
| 320 | @a有书目 (第194-197页) | |
| 330 | @a本书比较系统地阐述了三线阵CCD相机卫星摄影测量理论与模拟实验成果。包括三线阵CCD影像的EFP法光束法平差原理及误差特性、三线阵CCD影像无扭曲模型的建立、三线阵+CCD小面阵混合配置的LMCCD相机设计思想及其空中三角测量特点等。 | |
| 410 | 0 | @12001 @a测绘院士专著 |
| 510 | 1 | @aSatellite photogrammetric principle for three-line-array CCD imagery@zeng |
| 606 | 0 | @a卫星测量法@Awei xing ce liang fa@x摄影测量法 |
| 690 | @aP236@v5 | |
| 701 | 0 | @a王任享,@Awang ren xiang@f1933-@4著 |
| 801 | 0 | @aCN@c20250909 |
| 905 | @a河南城建学院图书馆@dP236@eW320=2 | |
| 三线阵CCD影像卫星摄影测量原理= Satellite photogrammetric principle for three-line-array CCD imagery/王任享著.-第2版.-北京:测绘出版社,2016.05 |
| 207页:图 (部分彩图);24cm.-(测绘院士专著) |
| ISBN 978-7-5030-3932-4:CNY68.00 |
| 本书比较系统地阐述了三线阵CCD相机卫星摄影测量理论与模拟实验成果。包括三线阵CCD影像的EFP法光束法平差原理及误差特性、三线阵CCD影像无扭曲模型的建立、三线阵+CCD小面阵混合配置的LMCCD相机设计思想及其空中三角测量特点等。 |
| ● |
| 相关链接 |
|
|
|
正题名:三线阵CCD影像卫星摄影测量原理
索取号:P236/W320=2
 
预约/预借
| 序号 | 登录号 | 条形码 | 馆藏地/架位号 | 状态 | 备注 |
| 1 | 1630992 | 216309929 | 自科库401/401自科库 124排1列1层/ [索取号:P236/W320=2] | 在馆 |